000 00693cam a2200253 4500
001 5197
005 20260305055957.0
008 090424s2008 bt 000 0 eng
010 _a 2009311142
020 _a9789993622772
040 _aDLC
_cDLC
_dDLC
041 1 _aeng
_hjap
042 _alcode
_apcc
043 _aa-bt---
100 1 _aImaeda, Yoshiro.
240 1 0 _aButan ni miserarete.
_lEnglish
245 1 0 _aEnchanted by Bhutan /
_cYoshiro Imaeda ; translated from Japanese by Noriko Morimoto.
260 _aThimphu :
_bKMT Publishers,
_c2008.
300 _a211 p. ;
_c19 cm.
600 1 0 _aImaeda, Yoshiro.
651 0 _aBhutan.
942 _2ddc
_cMAIN
999 _c4358
_d4358